Normal view
MARC view
Entry Geographic Name
001 - CONTROL NUMBER
- control field: 3281
003 - CONTROL NUMBER IDENTIFIER
- control field: BD-RjUL
005 - DATE AND TIME OF LATEST TRANSACTION
- control field: 20220530112143.0
008 - FIXED-LENGTH DATA ELEMENTS
- fixed length control field: 220530|| aca||aabn | a|a d
040 ## - CATALOGING SOURCE
- Original cataloging agency: BD-RjUL
- Transcribing agency: BD-RjUL
151 ## - HEADING--GEOGRAPHIC NAME
- Geographic name: Islamic Empire
- General subdivision: History
670 ## - SOURCE DATA FOUND
- Source citation: Work cat.: (BD-RjUL)79876: [Dhahabī, Muḥammad ibn Aḥmad, ] ذهبي، محمد بن احمد،, 1274-1348. 3280, كتاب دول الاسلام.[ Kitāb duwal al-Islām ] = Les dynasties de l'Islam /, 1988.